Alaska Airlines Destinations from PDX (Portland) - Statistics

General Stats
  • This quiz has been taken 18 times
    13 since last reset
  • The average score is 46 of 58
Answer Stats
Hint Answer % Correct
New Mexico Albuquerque
91%
Alaska Anchorage
91%
Georgia Atlanta
91%
Texas Austin
91%
Idaho Boise
91%
Massachusetts Boston
91%
Illinois Chicago - O'Hare
91%
Texas Dallas/Fort Worth
91%
Florida (Seasonal) Fort Lauderdale
91%
Hawaii Honolulu
91%
Texas Houston - Intercontinental
91%
Nevada Las Vegas
91%
California Los Angeles
91%
Florida (Seasonal) Miami
91%
Minnesota (Seasonal) Minneapolis/St. Paul
91%
Tennessee Nashville
91%
New Jersey Newark
91%
New York New York - JFK
91%
Arizona Phoenix - Sky Harbor
91%
Nevada Reno/Tahoe
91%
Utah Salt Lake City
91%
California San Diego
91%
California San Francisco
91%
Washington Seattle/Tacoma
91%
Washington Spokane
91%
Arizona Tucson
91%
District of Columbia Washington - Reagan
91%
Montana Billings
82%
Mexico (Seasonal) Cancun
82%
Colorado Denver
82%
Oregon Eugene
82%
Alaska (Seasonal) Fairbanks
82%
Missouri Kansas City
82%
Louisiana (Seasonal) New Orleans
82%
California Oakland
82%
Florida Orlando
82%
Oregon Redmond/Bend
82%
California Sacramento
82%
California San Jose
82%
Florida (Seasonal) Tampa
82%
Canada (Seasonal) Vancouver
82%
Hawaii Kailua/Kona
73%
Hawaii Lihue
73%
California Orange County
73%
Mexico (Seasonal) San Jose Del Cabo
73%
Montana (Seasonal) Bozeman
64%
California Burbank
64%
California Fresno
64%
Hawaii Kahului
64%
Oregon Medford
64%
California Ontario
64%
Montana (Seasonal) Kalispell
55%
California (Seasonal) Palm Springs
55%
California Santa Barbara
55%
Montana Missoula
45%
Mexico (Seasonal) Puerto Vallarta
45%
California San Luis Obispo
45%
California Santa Rosa
36%
No matching quizzes found
Score Distribution
Percent of People with Each Score
Percentile by Number Answered
Your Score History
You have not taken this quiz since the last reset